The Kangra : (Record no. 102628)

MARC details
000 -LEADER
fixed length control field 00633nam a22002057a 4500
005 - DATE AND TIME OF LATEST TRANSACTION
control field 20160822105525.0
010 ## - LCCN (DPL NO)
LC control number ENG-115797
020 ## - INTERNATIONAL STANDARD BOOK NUMBER
International Standard Book Number 9789385285417
Terms of availability 795.00
035 ## - SYSTEM CONTROL NUMBER
System control number EN-99329
037 ## - SOURCE OF ACQUISITION
Source of stock number/acquisition DBAD/PUB
082 ## - DEWEY DECIMAL CLASSIFICATION NUMBER
Classification number 385.3095415
100 ## - MAIN ENTRY--PERSONAL NAME
Personal name Ghose,Premola
245 ## - TITLE STATEMENT
Title The Kangra :
Statement of responsibility, etc by Premola Ghose ; Photograph by Ram Rahman
Remainder of title Velly train /
260 ## - PUBLICATION, DISTRIBUTION, ETC. (IMPRINT)
Place of publication, distribution, etc New Delhi
Name of publisher, distributor, etc Niyogi Books
Date of publication, distribution, etc 2016
270 ## - ADDRESS
Address D-78,Okhla Indurtrial Area,Phase-I
City New Delhi
Postal code 110025
300 ## - PHYSICAL DESCRIPTION
Extent 135p. :
Other physical details 23cm(pbk)
Dimensions ill.
500 ## - GENERAL NOTE
General note Includes references
700 ## - ADDED ENTRY--PERSONAL NAME
Personal name Ram Rahman
942 ## - ADDED ENTRY ELEMENTS (KOHA)
Source of classification or shelving scheme Dewey Decimal Classification
Item type English Books
Call number suffix GHE
Classification part 385.3095415
Holdings
Withdrawn status Lost status Not for loan Collection code Home library Current library Date acquired Source of acquisition Cost, normal purchase price Full call number Barcode Cost, replacement price Koha item type
    Not For Loan Non-fiction D.B.Act.Division Bawana 19/08/2016 DBAD/PUB 795.00 385.3095415 GHE EN-99329 795.00 English Books

© Delhi Public Library
Hit Counter
free hit counter